| 000 | 00699nam a2200157 a 4500 | ||
|---|---|---|---|
| 008 | 120416s0000 ||||||||||||||||| || u | ||
| 020 | _a0852552122 | ||
| 050 | _aHX 523 Cul | ||
| 100 | _aKaarsholm, Preben | ||
| 245 | 1 | 0 |
_aCultural struggle and development in Southern Africa _cedited by Preben Kaarsholm |
| 260 |
_aLondon _bJames Currey _c1991 |
||
| 300 | _ax, 258p. | ||
| 350 | _a0.00 | ||
| 995 |
_D0.00 _FCBU-MAIN LIBRARY (Kitwe) _H1 _I30.00 _UAVAILABLE _ZAnnex Low-Usage Collection |
||
| 995 |
_D0.00 _FCBU-MAIN LIBRARY (Kitwe) _H2 _I30.00 _UAVAILABLE _ZMain Library Open Access Collection |
||
| 999 |
_c62649 _d62649 |
||